Neutrale Länder - Statistiken

Allgemein
  • Dieses Quiz wurde 53 mal gespielt
  • Das Durchschnittsergebnis liegt bei 6 aus 11
Antwortstatistiken
Hinweis Land % Korrekt
Immerwährende Neutralität seit 1815 (Zweiter Pariser Frieden) Schweiz
100%
Von 1919 bis 2022, NATO-Eintritt durch den Russisch-Ukrainischen Krieg Schweden
71%
1956 bis 2023, NATO-Eintritt durch den Russisch-Ukrainischen Krieg Finnland
67%
Seit 1868 Liechtenstein
65%
Seit 1929 Vatikanstadt
65%
Londoner Vertrag von 1867, durch das Deutsche Reich im 1. und 2. Weltkrieg unterbrochen Luxemburg
49%
Immerwährende Neutralität seit 1955 Österreich
47%
Seit 1939 Irland
35%
Seit 1983 Costa Rica
27%
Seit 1989 Panama
24%
Seit 1995 von den UN anerkannt Turkmenistan
4%
Keine übereinstimmenden Quizze gefunden
Verteilung der Resultate
Anzahl Personen mit jedem Resultat
Perzentil nach korrekt beantworteten Fragen
Ihre Resultats-Entwicklung
Sie haben dieses Quiz noch nicht gespielt